000 00953cam a2200229 a 4500
001 81929
003 BD-RjUL
005 20230917154704.0
008 230914s1948 p a b 001 0 pk d
035 _a(BD-RjUL)81929
040 _aUKM
_cUKM
_dBD-RjUL
_beng
041 _aurd
082 0 4 _a891.43909
_223
_bIKS 1948
100 1 _a اکرام، اىس. اىم ;; Ikram, S. M.
_935739
_d1908-1973
245 1 0 _aثقافت پاکستان / S̲aqāfat-i Pākistān /
_c murattabah, Shaik̲h̲ Muḥammad Ikrām ;; مرتبه، شىخ محمد اکرام., اکرام، اىس. اىم.
260 _a Karāchī :
_bادارۂ مطبوعات پاکستان، Idārah-yi Mat̤būʻāt-i Pākistān,, ,
_c1948
300 _a344 pages ; :
_bill. ;
_c23 cm.
504 _aIncludes bibliographical references and index.
650 _aPakistani literature
_vHistory and criticism
_99017
650 _aUrdu literature
_v History and criticism
942 _2ddc
_cBK
999 _c81929
_d81929